How Many Cities In JetPunk Quizzes Can You Name? - Statistics

General Stats
  • This quiz has been taken 50 times
    40 since last reset
  • The average score is 69 of 500
Answer Stats
Answer % Correct
Paris
79%
London
71%
New York City
71%
Los Angeles
65%
Moscow
65%
Rome
65%
Tokyo
65%
Berlin
59%
Shanghai
59%
Toronto
59%
Washington
59%
Beijing
56%
Athens
53%
Madrid
53%
Miami
53%
Milan
53%
Ottawa
53%
Vancouver
53%
Amsterdam
50%
Cairo
50%
Chicago
50%
Montreal
50%
Lisbon
47%
Mumbai
47%
Stockholm
47%
Barcelona
44%
Boston
44%
Buenos Aires
44%
Houston
44%
Istanbul
44%
Rio de Janeiro
44%
San Francisco
44%
Seoul
44%
Bangkok
41%
Dallas
41%
Helsinki
41%
Hong Kong
41%
Las Vegas
41%
Mexico City
41%
Oslo
41%
Sao Paulo
41%
Brussels
38%
Canberra
38%
Copenhagen
38%
Jakarta
38%
Manchester
38%
Monaco
38%
Sofia
38%
St. Petersburg
38%
Vienna
38%
Cape Town
35%
Dubai
35%
Dublin
35%
Kyiv
35%
Marseille
35%
Munich
35%
Seattle
35%
Warsaw
35%
Abu Dhabi
32%
Birmingham
32%
Budapest
32%
Detroit
32%
Frankfurt
32%
Orlando
32%
Panama City
32%
Perth
32%
Portland
32%
Santiago
32%
Singapore
32%
Tunis
32%
Atlanta
29%
Brasilia
29%
Dar Es Salaam
29%
Denver
29%
Glasgow
29%
Hamburg
29%
Johannesburg
29%
Kuala Lumpur
29%
Lagos
29%
Lima
29%
Melbourne
29%
Philadelphia
29%
Porto
29%
Rabat
29%
San Diego
29%
San Jose
29%
Taipei
29%
Tampa
29%
Algiers
26%
Astana
26%
Bogota
26%
Bucharest
26%
Busan
26%
Cleveland
26%
Columbus
26%
Kyoto
26%
Minsk
26%
Nairobi
26%
Naples
26%
Osaka
26%
Phoenix
26%
Prague
26%
Pyongyang
26%
Sacramento
26%
Tallinn
26%
Tehran
26%
Tel Aviv
26%
Valencia
26%
Vatican City
26%
Venice
26%
Andorra La Vella
24%
Baghdad
24%
Guatemala City
24%
Havana
24%
Honolulu
24%
Jacksonville
24%
Kingston
24%
Manila
24%
Marrakesh
24%
Palermo
24%
Quebec City
24%
Reykjavik
24%
Riyadh
24%
Rotterdam
24%
Tripoli
24%
Zurich
24%
Alexandria
21%
Auckland
21%
Brisbane
21%
Caracas
21%
Cincinnati
21%
Dhaka
21%
Florence
21%
Kansas City
21%
Liverpool
21%
Luxembourg
21%
Nashville
21%
New Orleans
21%
Nice
21%
Seville
21%
Ulaanbaatar
21%
Adelaide
18%
Antwerp
18%
Baku
18%
Beirut
18%
Buffalo
18%
Calgary
18%
Cali
18%
Charlotte
18%
Damascus
18%
Durban
18%
Edinburgh
18%
Fez
18%
Giza
18%
Hiroshima
18%
Karachi
18%
Kinshasa
18%
Kuwait City
18%
Minneapolis
18%
Quito
18%
Salt Lake City
18%
St. Louis
18%
Tbilisi
18%
Thessaloniki
18%
Turin
18%
Aarhus
15%
Albany
15%
Almaty
15%
Belfast
15%
Bergen
15%
Bilbao
15%
Cardiff
15%
Edmonton
15%
Geneva
15%
Jeddah
15%
Khartoum
15%
Leeds
15%
Montevideo
15%
Newark
15%
Newcastle
15%
Odessa
15%
Podgorica
15%
Raleigh
15%
Salzburg
15%
San Marino
15%
Shenzhen
15%
Split
15%
Toledo
15%
Xian
15%
Yerevan
15%
Bari
12%
Chengdu
12%
Cordoba
12%
Cork
12%
Daegu
12%
Darwin
12%
Denpasar
12%
Dortmund
12%
Gold Coast
12%
Guadalajara
12%
Guangzhou
12%
Hangzhou
12%
Izmir
12%
Kobe
12%
Kolkata
12%
Leipzig
12%
Malmo
12%
Managua
12%
Manaus
12%
Mecca
12%
Nagoya
12%
Nanjing
12%
Nantes
12%
Pisa
12%
Pretoria
12%
Santo Domingo
12%
Strasbourg
12%
Tashkent
12%
Tegucigalpa
12%
Tianjin
12%
Tijuana
12%
Utrecht
12%
Victoria
12%
Wuhan
12%
Aalborg
9%
Antalya
9%
Basel
9%
Boise
9%
Brazzaville
9%
Cancun
9%
Dubrovnik
9%
El Paso
9%
Fortaleza
9%
Galway
9%
Gaza
9%
Gdansk
9%
Gothenburg
9%
Hobart
9%
Hyderabad
9%
Innsbruck
9%
Juneau
9%
Kharkiv
9%
Louisville
9%
Malaga
9%
Medellin
9%
Medina
9%
Milwaukee
9%
N'Djamena
9%
Omaha
9%
Ouagadougou
9%
Phucket
9%
Providence
9%
Samara
9%
Sapporo
9%
Sheffield
9%
Spokane
9%
Stuttgart
9%
Timisoara
9%
Urumqi
9%
Vladivostok
9%
Volgograd
9%
Winnipeg
9%
Xiamen
9%
Yamoussoukro
9%
Aachen
6%
A Coruna
6%
Bamako
6%
Bangalore
6%
Blackpool
6%
Bristol
6%
Brno
6%
Cadiz
6%
Cartagena
6%
Catania
6%
Corpus Christi
6%
Dalian
6%
Des Moines
6%
Djibouti
6%
Dnipro
6%
Dresden
6%
Essen
6%
Fort Lauderdale
6%
Fuzhou
6%
Genoa
6%
Ghent
6%
Guayaquil
6%
Halifax
6%
Hamilton
6%
Kaliningrad
6%
Kampala
6%
Kazan
6%
Koln
6%
Leicester
6%
Leon
6%
Mainz
6%
Messina
6%
Nanning
6%
Niamey
6%
Nizhny Novgorod
6%
Novosibirsk
6%
Nuremburg
6%
Oran
6%
Palma
6%
Plymouth
6%
Port Sudan
6%
Shenyang
6%
St. John's
6%
Sunderland
6%
Tabriz
6%
Trieste
6%
Trondheim
6%
Tulsa
6%
Varna
6%
Verona
6%
Voronezh
6%
Wroclaw
6%
Yekaterinburg
6%
Zanzibar
6%
Anaheim
3%
Annaba
3%
Astrakhan
3%
Augsburg
3%
Barranquilla
3%
Benghazi
3%
Boulder
3%
Braga
3%
Burgos
3%
Chiba
3%
Chittagong
3%
Christchurch
3%
Ciudad Juarez
3%
Colorado Springs
3%
Coventry
3%
Curitiba
3%
Davao
3%
Edirne
3%
Faisalabad
3%
Fort Wayne
3%
Fukuoka
3%
Greensboro
3%
Harbin
3%
Iqaluit
3%
Isfahan
3%
Key West
3%
Kitakyushu
3%
Lakewood
3%
Laredo
3%
Mandalay
3%
McAllen
3%
Merida
3%
Nanchang
3%
Nantong
3%
Ningbo
3%
Nottingham
3%
Ostrava
3%
Port Said
3%
Puebla
3%
Punta Cana
3%
Qingdao
3%
Qom
3%
Quanzhou
3%
Saitama
3%
Sfax
3%
Sidon
3%
Sunshine Coast
3%
Surabaya
3%
Swansea
3%
Timbuktu
3%
Tromso
3%
Windsor
3%
Yangon
3%
Yaounde
3%
Agadir
0%
Agra
0%
Albacete
0%
Alesund
0%
Almeria
0%
Amadora
0%
Arkhangelsk
0%
Ashdod
0%
Asker
0%
Aspen
0%
Aswan
0%
Aurangabad
0%
Aurora
0%
Baerum
0%
Basrah
0%
Bodo
0%
Bossier City
0%
Bridgeport
0%
Bridgetown
0%
Camden
0%
Celaya
0%
Chandler
0%
Charleroi
0%
Chelyabinsk
0%
Chesapeake
0%
Chonqing
0%
Chula Vista
0%
Council Bluffs
0%
Covington
0%
Daly City
0%
Dongguan
0%
Douala
0%
Drammen
0%
Durres
0%
Ecija
0%
Erie
0%
Fort Collins
0%
Frederikstad
0%
Gaziantep
0%
Green Bay
0%
Haifa
0%
Hamm
0%
Hartford
0%
Hefei
0%
Heraklion
0%
Hoboken
0%
Huzhou
0%
Idaho Falls
0%
Jaen
0%
Jammu
0%
Jerez de la Frontera
0%
Jervis Bay
0%
Kawasaki
0%
Khulna
0%
Krasnoyarsk
0%
Kristiansand
0%
Lahpre
0%
Latakia
0%
Lausanne
0%
Lillestrom
0%
Limassol
0%
Lubumbashi
0%
Maastricht
0%
Maracay
0%
Marathon
0%
Meridian
0%
Mersin
0%
Merv
0%
Middlesborough
0%
Montpellier
0%
Mosul
0%
Nagpur
0%
Nampa
0%
Nanyang
0%
Narbonne
0%
Nashik
0%
Nazareth
0%
Nimes
0%
Njimegen
0%
Nordre Follo
0%
Patna
0%
Pocatello
0%
Pointe-Noire
0%
Potsdam
0%
Qazvin
0%
Qinghuangdao
0%
Qingyuan
0%
Qiqihar
0%
Querétaro
0%
Quetta
0%
Qujing
0%
Reggio Calabria
0%
Regina
0%
Reynosa
0%
Rostov
0%
Saarbrucken
0%
Sakai
0%
Sandefjord
0%
Sandnes
0%
Saransk
0%
Saskatoon
0%
Sherbrooke
0%
Shreveport
0%
Sochi
0%
Stavanger
0%
Suzhou
0%
Syndey
0%
Tarragona
0%
Tavira
0%
Ulan-Ude
0%
Vijayapura
0%
Walvis Bay
0%
Weimar
0%
Williamsburg
0%
Yogyakarta
0%
Yokahama
0%
Zaozhuang
0%
Zaria
0%
Zhangjiakou
0%
Zhanjiang
0%
Zhaoqing
0%
Zhengzou
0%
Zhenjiang
0%
Zhoukou
0%
Zhuhai
0%
Zibo
0%
Zorita de los Canes
0%
Zunyi
0%
No matching quizzes found
Score Distribution
Percent of People with Each Score
Percentile by Number Answered
Your Score History
You have not taken this quiz since the last reset